000 05283cgm a2201021 i 4500
001 1282648866
003 OCoLC
005 20220615100455.0
007 vd cvaizq
008 211104s2021 cau120 e vleng d
024 1 _a883929708031
028 4 2 _a1000757868
_bWarner Bros.
028 4 2 _a3000088299
_bWarner Bros.
028 4 2 _a2000158022
_bWarner Bros.
035 _a(OCoLC)1282648866
_z(OCoLC)1286637110
037 _bMidwest Tape
_nhttp://www.midwesttapes.com
040 _aTEFMT
_beng
_erda
_cTEFMT
_dTEF
_dW8T
_dOCLCF
_dGL4
_dINO
_dRB0
041 1 _aeng
_afre
_aspa
_heng
043 _an-us-nj
046 _k2021
_2edtf
050 4 _aPN1997.2
_b.M36 2021
082 0 4 _a791.43/72
_223
092 _aMANY SAINTS OF NEWARK
099 _aDVD
_aENT
_aMANY-SAI
245 0 4 _aThe many saints of Newark
_h[videorecording] /
_ca New Line Cinema presentation ; in association with Home Box Office ; a Chase Films production ; produced by David Chase, Lawrence Konner, Nicole Lambert ; written by David Chase & Lawrence Konner ; directed by Alan Taylor.
257 _aUnited States
264 1 _aBurbank, CA :
_bWarner Bros. Entertainment Inc.,
_c[2021]
300 _a1 videodisc (120 min.) :
_bsound, color ;
_c4 3/4 in.
336 _atwo-dimensional moving image
337 _avideo
338 _avideodisc
500 _aBased on characters created by David Chase.
500 _aOriginally released as a motion picture in 2021.
500 _aWide screen.
500 _aSpecial features: Deleted scenes.
508 _aDirector of photography, Kramer Morgenthau ; editor, Christopher Tellefsen.
511 1 _aAlessandro Nivola, Leslie Odom Jr., Jon Bernthal, Corey Stoll, Michael Gandolfini, Billy Magnussen, Michela De Rossi, John Magaro, Ray Liotta, Vera Farmiga.
520 _aYoung Anthony Soprano is growing up in one of the most tumultuous eras in Newark's history, becoming a man just as rival gangsters begin to rise and challenge the all- powerful DiMeo crime family's hold over the increasingly race-torn city. Caught up in the changing times is the uncle he idolizes, Dickie Moltisanti, who struggles to manage both his professional and personal responsibilities, and whose influence over his nephew will help make the impressionable teenager into the all-powerful mob boss later known as Tony Soprano.
521 8 _aMPA rating: R; for strong violence, pervasive language, sexual content and some nudity
_aCHV rating: 14A.
538 _aDVD, region 1, widescreen; Dolby digital 5.1; described video.
546 _aEnglish, French or Spanish dialogue; Chinese, French, Korean or Spanish subtitles; English subtitles for the deaf and hard of hearing (SDH); described video.
650 0 _aOrganized crime
_zNew Jersey
_vDrama.
_96438090
650 0 _aMafia
_zNew Jersey
_vDrama.
_96438091
650 0 _aGangsters
_vDrama.
_95731922
650 0 _aTeenage boys
_vDrama.
_95729102
650 0 _aUncles
_vDrama.
_95731594
650 0 _aNephews
_vDrama.
_96438092
651 0 _aNewark (N.J.)
_vDrama.
_96419449
655 7 _aFeature films.
_2lcgft
655 7 _aVideo recordings for the hearing impaired.
_2lcgft
655 7 _aVideo recordings for people with visual disabilities.
_2lcgft
_95676923
655 7 _aCrime films.
_2fast
_95697955
655 7 _aDrama.
_2fast
655 7 _aFeature films.
_2fast
655 7 _aGangster films.
_2fast
_9102714
655 7 _aVideo recordings for people with visual disabilities.
_2fast
_95676923
655 7 _aVideo recordings for the hearing impaired.
_2fast
655 7 _aGangster films.
_2lcgft
_9102714
655 7 _aCrime films.
_2lcgft
_95697955
655 7 _aFiction films.
_2lcgft
655 7 _aDrama.
_2lcgft
700 1 _aTaylor, Alan,
_d1965-
_efilm director.
_95793704
700 1 _aChase, David,
_d1945 August 22-
_escreenwriter,
_efilm producer.
_95879526
700 1 _aKonner, Lawrence,
_escreenwriter,
_efilm producer.
_925250
700 1 _aLambert, Nicole
_c(Producer),
_efilm producer.
_96438093
700 1 _aNivola, Alessandro,
_eactor.
_958361
700 1 _aOdom, Leslie,
_cJr.,
_d1981-
_eactor.
_95811964
700 1 _aBernthal, Jon,
_eactor.
_95734112
700 1 _aStoll, Corey,
_d1976-
_eactor.
_96381454
700 1 _aGandolfini, Michael,
_d1999-
_eactor.
_96438094
700 1 _aMagnussen, Billy,
_d1985-
_eactor.
_96250732
700 1 _aDe Rossi, Michela,
_d1993-
_eactor.
_96438095
700 1 _aMagaro, John,
_d1983-
_eactor.
_95879522
700 1 _aLiotta, Ray,
_eactor.
_934923
700 1 _aFarmiga, Vera,
_eactor.
_967457
700 1 _aMorgenthau, Kramer,
_edirector of photography.
_971439
700 1 _aTellefsen, Christopher,
_eeditor of moving image work.
_96170534
710 2 _aNew Line Cinema Corporation,
_epresenter.
_94030
710 2 _aHome Box Office (Firm),
_epresenter.
_916921
710 2 _aChase Films,
_eproduction company.
_95879528
710 2 _aWarner Bros. Entertainment,
_epublisher.
_952548
730 0 2 _aSopranos (Television program)
_958353
730 0 2 _aMany saints of Newark (Motion picture)
_96438096
730 0 2 _aMany saints of Newark (Motion picture).
_lFrench.
_96438097
730 0 2 _aMany saints of Newark (Motion picture).
_lSpanish.
_96438098
907 _a.b45866862x
942 _2ddc
_cR-VIDEO
999 _c369191
_d369191